00776cam a22002411 45000010005000000030008000050050017000130080041000300350018000710400063000890410008001520820024001601000026001842450062002102600042002723000035003144900036003495040050003856500015004356500011004507000036004618300037004978817BD-RjUL20211208234646.014 t1952 enka b 001 0 eng c a(BD-RjUL)8862 aWashington Univ., Seattle. LibrarycDLCdDLCdBD-RjULbeng aeng04216a536.2bGRT 19521 aGrew, Kenneth Edmond.10aThermal diffusion in gases /cby K.E. Grew and T.L. Ibbs. aCambridge :bUniversity Press,c1952. axi, 143 p. :billus. ;c22 cm.1 aCambridge monographs on physics aIncludes Bibliographical reference and index. 0aDiffusion. 0aGases.1 aIbbs, Thomas L.,ejoint author. 0aCambridge monographs on physics.